000 00413nam a22001577a 4500
003 OSt
008 230221b |||||||| |||| 00| 0 eng d
041 _aeng
082 _a894.812 3
_bHAR/PR
100 _aHardy, Thomas
_95373
245 _aPranayampole neela
_bപ്രണയംപോലെ നീല
250 _a3rd
260 _aThiruvananthapuran
_bChintha Publishers
_c2023
300 _a288
942 _cBK
999 _c17616
_d17616